Nociones de Derecho internacional / (Record no. 166610)

MARC details
000 -LEADER
campo de control de longitud fija 00790nam a2200193 i 4500
001 - NÚMERO DE CONTROL
campo de control 166610
003 - IDENTIFICADOR DE NÚMERO DE CONTROL
campo de control ES-MaACL
005 - FECHA Y HORA DE LA ÚLTIMA TRANSACCIÓN
campo de control 20250809024234.0
008 - DATOS DE LONGITUD FIJA--INFORMACIÓN GENERAL
campo de control de longitud fija 010118s1896 cu |||| | spa d
040 ## - FUENTE DE CATALOGACIÓN
Centro catalogador/agencia de origen CCPB | B
Lengua de catalogación spa
Centro/agencia transcriptor CCPB | B
100 1# - ENTRADA PRINCIPAL--NOMBRE DE PERSONA
Nombre de persona Tremosa y Nadal, Ángel.
9 (RLIN) 133370
245 10 - MENCIÓN DEL TÍTULO
Título Nociones de Derecho internacional /
Mención de responsabilidad, etc. Angel Tremosa y Nadal.
260 ## - PUBLICACIÓN, DISTRIBUCIÓN, ETC.
Lugar de publicación, distribución, etc. Habana :
Nombre del editor, distribuidor, etc. La Australia,
Fecha de publicación, distribución, etc. 1896.
300 ## - DESCRIPCIÓN FÍSICA
Extensión XIX, 222 p. ;
Dimensiones 22 cm.
500 ## - NOTA GENERAL
Nota general Obra premiada por Real Orden de 22 de marzo de 1895 con la Cruz del Mérito Militar Pensionada.
650 #7 - PUNTO DE ACCESO ADICIONAL DE MATERIA--TÉRMINO DE MATERIA
Término de materia o nombre geográfico como elemento de entrada Derecho internacional
Fuente del encabezamiento o término embne
9 (RLIN) 11717
852 ## - LOCALIZACIÓN
Ubicación ES-MaACL
Número de control de estantería T-917-F-4
Nota libre -- Enc. hol. conservando la cub. original
-- -- Dedic. ms. de Luis Galan al Ateneo de Madrid
-- -- Enc. en un vol. facticio
Holdings
Estatus retirado Estado de pérdida Estado de daño No para préstamo Colección Biblioteca de origen Biblioteca actual Ubicación en estantería Fecha de adquisición Total de préstamos Signatura topográfica completa Código de barras Visto por última vez Precio de reemplazo Tipo de ítem Koha
        Colección de folletos Biblioteca del Ateneo de Madrid Biblioteca del Ateneo de Madrid Depósito folletos 17/01/2008   T-917-F-4 1174742 23/02/2023 23/02/2023 Folleto